000 00587nam a2200229Ia 4500
003 OSt
005 20220918182754.0
006 a|||||r|||| 00| 0
007 ta
008 220917b |||||||| |||| 00| 0 eng d
024 _a34,386
037 _cTextual
040 _aARTS
_cARTS
_beng
041 _2eng
_aeng
082 _aO15:2J50:1, G0
100 _aShukla Bhudeva
_961178
245 0 _aDharma vijaya nataka ed by N S Khist
260 _c1930
650 _aENGLISH LITERATURE
942 _hO15:2J50:1, G0
_cTEXL
_2CC
999 _c170303
_d170303